<?xml version="1.0" encoding="UTF-8"?>
<record
    xmlns:xsi="http://www.w3.org/2001/XMLSchema-instance"
    xsi:schemaLocation="http://www.loc.gov/MARC21/slim http://www.loc.gov/standards/marcxml/schema/MARC21slim.xsd"
    xmlns="http://www.loc.gov/MARC21/slim">

  <leader>00922nam a22002177a 4500</leader>
  <controlfield tag="005">20250305092257.0</controlfield>
  <controlfield tag="008">220608b           ||||| |||| 00| 0 eng d</controlfield>
  <datafield tag="040" ind1=" " ind2=" ">
    <subfield code="c">Aloy</subfield>
  </datafield>
  <datafield tag="041" ind1=" " ind2=" ">
    <subfield code="a">Kannada</subfield>
  </datafield>
  <datafield tag="082" ind1=" " ind2=" ">
    <subfield code="2">23</subfield>
    <subfield code="a">324.092K</subfield>
    <subfield code="b">TAUE</subfield>
  </datafield>
  <datafield tag="100" ind1=" " ind2=" ">
    <subfield code="a">Chandrashekhara Tauduru:</subfield>
    <subfield code="9">203960</subfield>
  </datafield>
  <datafield tag="100" ind1=" " ind2=" ">
    <subfield code="9">41026</subfield>
    <subfield code="d"> &#xC9A;&#xC82;&#xCA6;&#xCCD;&#xCB0;&#xCB6;&#xCC7;&#xC96;&#xCB0; &#xCA4;&#xCBE;&#xCB5;&#xCC1;&#xCA1;&#xCC2;&#xCB0;&#xCC1;    </subfield>
  </datafield>
  <datafield tag="245" ind1=" " ind2=" ">
    <subfield code="a">Ellaranthallada JH Patel: JH Patelara jeevana charitre</subfield>
    <subfield code="b">&#xC8E;&#xCB2;&#xCCD;&#xCB2;&#xCB0;&#xC82;&#xCA5;&#xCB2;&#xCCD;&#xCB2;&#xCA6; &#xC9C;&#xCC6; &#xCB9;&#xCC6;&#xC9A;&#xCCD; &#xCAA;&#xC9F;&#xCC7;&#xCB2;&#xCCD;: &#xC9C;&#xCC6; &#xCB9;&#xCC6;&#xC9A;&#xCCD; &#xCAA;&#xC9F;&#xCC7;&#xCB2;&#xCCD; &#xC85;&#xCB5;&#xCB0; &#xC9C;&#xCC0;&#xCB5;&#xCA8; &#xC9A;&#xCB0;&#xCBF;&#xCA4;&#xCCD;&#xCB0;&#xCC6; </subfield>
  </datafield>
  <datafield tag="260" ind1=" " ind2=" ">
    <subfield code="a">Bengaluru:</subfield>
    <subfield code="b">Tauduru Prakashana</subfield>
    <subfield code="c">1999</subfield>
  </datafield>
  <datafield tag="300" ind1=" " ind2=" ">
    <subfield code="a">xxii,248p.</subfield>
    <subfield code="b">HB</subfield>
    <subfield code="c">21x14cm.</subfield>
  </datafield>
  <datafield tag="365" ind1=" " ind2=" ">
    <subfield code="2">Biography</subfield>
  </datafield>
  <datafield tag="650" ind1=" " ind2=" ">
    <subfield code="a">Biography: &#xC9C;&#xCC0;&#xCB5;&#xCA8; &#xC9A;&#xCB0;&#xCBF;&#xCA4;&#xCCD;&#xCB0;&#xCC6;    </subfield>
    <subfield code="9">41027</subfield>
  </datafield>
  <datafield tag="650" ind1=" " ind2=" ">
    <subfield code="a">Political Leader: &#xCB0;&#xCBE;&#xC9C;&#xC95;&#xCC0;&#xCAF; &#xCA8;&#xCBE;&#xCAF;&#xC95;&#xCB0;&#xCC1;   </subfield>
    <subfield code="9">41028</subfield>
  </datafield>
  <datafield tag="700" ind1=" " ind2=" ">
    <subfield code="a">TAUDURU (Chandrashekhara)</subfield>
    <subfield code="9">41029</subfield>
  </datafield>
  <datafield tag="942" ind1=" " ind2=" ">
    <subfield code="2">ddc</subfield>
    <subfield code="c">GF</subfield>
  </datafield>
  <datafield tag="999" ind1=" " ind2=" ">
    <subfield code="c">223296</subfield>
    <subfield code="d">223296</subfield>
  </datafield>
  <datafield tag="952" ind1=" " ind2=" ">
    <subfield code="0">0</subfield>
    <subfield code="1">0</subfield>
    <subfield code="2">ddc</subfield>
    <subfield code="4">0</subfield>
    <subfield code="7">0</subfield>
    <subfield code="8">PS</subfield>
    <subfield code="a">AL</subfield>
    <subfield code="b">AL</subfield>
    <subfield code="d">2013-03-24</subfield>
    <subfield code="l">0</subfield>
    <subfield code="o">324.092K TAUE</subfield>
    <subfield code="p">GF02916</subfield>
    <subfield code="r">2022-06-08 00:00:00</subfield>
    <subfield code="w">2022-06-08</subfield>
    <subfield code="y">GF</subfield>
  </datafield>
</record>
